000 00553nam a2200193Ia 4500
005 20250326141640.0
008 250326s9999 xx 000 0 und d
037 _aTextbook
040 _aFMSL
_beng
_cFMSL
041 _aeng
_2eng
084 _qFMSL
100 _aRosenbloom David H
245 0 _aPublic administration : Understanding management politics and law in the public sec.
_cRosenbloom David H
250 _a2nd
260 _aNew York
_bNew York, Random House
_c1989
300 _a535p
942 _cTB
999 _c1291307
_d1291307